000 00422nam a22001697a 4500
005 20160625120306.0
008 160625b xxu||||| |||| 00| 0 eng d
020 _a81-7446-193-0
041 _aeng
082 _b10061
100 _aUbera, N.K. and Kumar Surinder
_92764
245 _aManaging Secularism in the New Millennium
260 _bExcel book
_c2000
300 _a124
650 _aManagement
_9241
942 _cBK
999 _c3997
_d3996